00625nam a22001817a 450000500170000001000260001702000270004303500240007003700090009408200080010310000210011124501470013226000460027927000440032530000320036970000200040170000220042120240530155257.0 aENG-140557 ENG-140558 c2026.00a9788181716040 aEN-124089 EN-124090 aDBAD a580 aSengupta, Jayita aMorpho Taxonomic Studies of Syrphid Pollinators9Insecta;Dipera) From Lesser Himalayas/cBy Jayita Sengupta; Atanu Naskar [and] Dhriti Banerjee aKolkatabZoological Survey of Indiac2023 aM-Block, New Alipore, bKolkatae700053 a232p. c25cm(hb)bill., col a Naskar, Atanu  aBanerjee, Dhriti